Flags of Non Sovereign Territories and Dependencies - Statistics

General Stats
  • This quiz has been taken 355 times
    344 since last reset
  • The average score is 30 of 52
Answer Stats
Picture Answer % Correct
Hong Kong
97%
Puerto Rico
95%
Macau
90%
Faroe Islands
89%
Gibraltar
89%
Greenland
88%
Aruba
84%
American Samoa
82%
Isle of Man
82%
Jersey
82%
Guam
80%
Mayotte
79%
Aland Islands
78%
Guernsey
78%
United States Virgin Islands
74%
Norfolk Island
72%
Bermuda
70%
Saint Martin
69%
New Caledonia
66%
Anguilla
62%
French Polynesia
62%
Christmas Island
58%
Niue
58%
Tokelau
58%
Cocos Islands
57%
Curaçao
56%
Bonaire
55%
Guadeloupe
55%
Cook Islands
53%
Falkland Islands
53%
French Guiana
53%
Réunion
50%
Saint Pierre and Miquelon
48%
Wallis and Futuna
47%
Northern Mariana Islands
44%
British Indian Ocean Territory
43%
Montserrat
43%
Sint Maarten
42%
Saba
41%
Martinique
40%
British Virgin Islands
39%
Turks and Caicos
36%
Cayman Islands
35%
Pitcairn Island
34%
South Georgia and the South Sandwich Islands
31%
British Antarctic Territory
30%
Saint Barthélemy
30%
French Southern and Antarctic Lands
29%
Sint Eustatius
29%
Ascension Island
28%
Saint Helena
28%
Tristan da Cunha
24%
No matching quizzes found
Score Distribution
Percent of People with Each Score
Percentile by Number Answered
Your Score History
You have not taken this quiz since the last reset